Literatura y sociedad en América Latina

Guardat en:
Dades bibliogràfiques
Autors principals: Tascón, Valentín (Autor), Sória, Fernando (Autor)
Format: Llibre
Idioma:espanyol
Publicat: Salamanca San Esteban 1981
Matèries:
Etiquetes: Afegir etiqueta
Sense etiquetes, Sigues el primer a etiquetar aquest registre!

MARC

LEADER 00000nam a2200000 a 4500
001 UCT7414
003 CL-VaPUC
008 970117e19810000SP |||||||||||||||||spa|d
082 0 4 |a H860.9  |b TAS  |2 21 
100 0 |a Tascón, Valentín  |e author  |9 378360 
700 0 |a Sória, Fernando  |e author  |9 378361 
245 1 0 |a Literatura y sociedad en América Latina 
300 |a 250 p 
942 |c BK 
945 |d 19970117 00:00:00  |a nastorga 
260 |a Salamanca  |b San Esteban  |c 1981 
600 0 |a Borges, Jorge Luis  |e autor  |9 322093 
600 0 |a Sabato, Ernesto  |9 322691 
600 0 7 |a DONOSO, JOSE  |2 CL-VaPUC  |9 313758 
600 0 7 |a GARCIA MARQUEZ, GABRIEL  |2 CL-VaPUC  |9 318478 
650 0 |a Literatura hispanoamericana  |9 269097 
650 0 |a Sociedad  |9 307903 
650 0 |a Ideologías  |9 255200 
650 0 |a Novela latinoamericana  |9 316003 
650 0 |a Literatura argentina  |9 320596 
650 0 |a Literatura chilena   |9 308278 
650 0 |a Literatura cubana  |9 315048 
583 |a last modification  |c 19970117 00:00:00  |k Rodrigo Vera 
999 |c 256038  |d 256036 
952 |0 0  |1 0  |4 0  |6 H_860_900000000000000_TAS_1981  |7 0  |8 A  |9 278570  |a BIBEDU  |b BIBEDU  |d 2019-11-19  |i 3269868  |o H860.9 TAS 1981  |p 3269868  |r 2019-11-19  |w 2019-11-19  |y BK  |k LIT 
952 |0 0  |1 0  |4 0  |6 H_860_900000000000000_TAS_1981  |7 0  |8 A  |9 278571  |a BIBEDU  |b BIBEDU  |d 2019-11-19  |i 3270009  |o H860.9 TAS 1981  |p 3270009  |r 2019-11-19  |w 2019-11-19  |y BK  |k LIT